000 00958aam a2200337 i 4500
001 768714001
003 CO-MdFUSB
005 20250508154346.0
007 ta
008 250508t1988 -us |||| |||| 00| 0 eng d
020 _a0-940989-20-4
040 _cCO-MdFUSB
041 0 _aeng
_hspa
082 0 4 _223
_a242
_bG158m
100 1 _aGalilea, Segundo
_eautor
240 _aLa música de Dios
245 1 0 _aThe music of God :
_bParables of life and faith
_c/ Segundo Galilea ; traducido por John Eagleson
264 1 _bMeyer Stone Books,
_aOak Park. ILL., USA :
_c[1988]
264 4 _c©1988
300 _a120 páginas
336 _atexto
_btxt
_2rdacontent
337 _2rdamedia
_asin mediación
_bn
338 _2rdacarrier
_avolumen
_bnc
563 _aRústico
653 _aParábolas
653 _aMeditaciones
700 _aEagleson, John,
_911425
_etraductor
942 _cBK
945 _aJTF-925
999 _c35446
_d35446